000 00345pab a2200145 454500
008 180718b2004 xxu||||| |||| 00| 0 eng d
100 _aEscobar, Arturo
245 _aDevelopment, violence and the new imperial order
260 _c2004
300 _ap.15-21.
362 _aMar
650 _aViolence
773 _aDevelopment
909 _a61899
999 _c61899
_d61899